Flags of the World But You Are a Daltonist - Statistics

General Stats
  • This quiz has been taken 7 times
  • The average score is 76 of 196
Answer Stats
Picture Answer % Correct
Bahamas
67%
Central African Republic
67%
Ethiopia
67%
Poland
67%
Argentina
50%
Armenia
50%
Bosnia & Herzegovina
50%
Botswana
50%
Brazil
50%
Burundi
50%
Cambodia
50%
Cape Verde
50%
Chad
50%
Chile
50%
China
50%
Comoros
50%
Cyprus
50%
Czech Republic
50%
Denmark
50%
D.R. Congo
50%
Egypt
50%
Equatorial Guinea
50%
Eritrea
50%
Eswatini
50%
Finland
50%
France
50%
Georgia
50%
Germany
50%
Indonesia
50%
Ireland
50%
Jamaica
50%
Japan
50%
Kenya
50%
Kiribati
50%
Lebanon
50%
Liberia
50%
Madagascar
50%
Malawi
50%
Malta
50%
Marshall Islands
50%
Mauritania
50%
Montenegro
50%
Nepal
50%
New Zealand
50%
Niger
50%
North Korea
50%
North Macedonia
50%
Pakistan
50%
Papua New Guinea
50%
Portugal
50%
Qatar
50%
Singapore
50%
South Africa
50%
Sudan
50%
Sweden
50%
Switzerland
50%
Taiwan
50%
Tajikistan
50%
Tanzania
50%
Thailand
50%
Togo
50%
Tunisia
50%
Tuvalu
50%
United Kingdom
50%
Vanuatu
50%
Afghanistan
33%
Albania
33%
Algeria
33%
Andorra
33%
Angola
33%
Antigua and Barbuda
33%
Australia
33%
Austria
33%
Azerbaijan
33%
Bahrain
33%
Bangladesh
33%
Barbados
33%
Belarus
33%
Belgium
33%
Belize
33%
Benin
33%
Bhutan
33%
Brunei
33%
Burkina Faso
33%
Cameroon
33%
Canada
33%
Colombia
33%
Costa Rica
33%
Croatia
33%
Cuba
33%
Djibouti
33%
Dominica
33%
Dominican Republic
33%
East Timor
33%
Ecuador
33%
El Salvador
33%
Estonia
33%
Fiji
33%
F.S. of Micronesia
33%
Gambia
33%
Ghana
33%
Greece
33%
Grenada
33%
Guatemala
33%
Guinea
33%
Guinea-Bissau
33%
Guyana
33%
Haiti
33%
Honduras
33%
Iceland
33%
India
33%
Iran
33%
Iraq
33%
Israel
33%
Ivory Coast
33%
Jordan
33%
Kazakhstan
33%
Kosovo
33%
Kuwait
33%
Kyrgyzstan
33%
Laos
33%
Latvia
33%
Lesotho
33%
Libya
33%
Liechtenstein
33%
Lithuania
33%
Luxembourg
33%
Malaysia
33%
Maldives
33%
Mali
33%
Mauritius
33%
Mexico
33%
Moldova
33%
Monaco
33%
Mongolia
33%
Morocco
33%
Mozambique
33%
Myanmar
33%
Namibia
33%
Nauru
33%
Netherlands
33%
Nicaragua
33%
Nigeria
33%
Norway
33%
Oman
33%
Palau
33%
Panama
33%
Paraguay
33%
Peru
33%
Philippines
33%
Rep. of the Congo
33%
Romania
33%
Russia
33%
Rwanda
33%
Samoa
33%
San Marino
33%
Sao Tome & Principe
33%
Saudi Arabia
33%
Senegal
33%
Serbia
33%
Seychelles
33%
Slovakia
33%
Slovenia
33%
Solomon Islands
33%
Somalia
33%
South Korea
33%
South Sudan
33%
Spain
33%
Sri Lanka
33%
St. Kitts & Nevis
33%
St. Lucia
33%
St. Vincent and the Grenadines
33%
Suriname
33%
Syria
33%
Tonga
33%
Trinidad & Tobago
33%
Turkey
33%
Turkmenistan
33%
Uganda
33%
Ukraine
33%
United Arab Emirates
33%
United States
33%
Uruguay
33%
Uzbekistan
33%
Vatican City
33%
Venezuela
33%
Vietnam
33%
Yemen
33%
Zambia
33%
Zimbabwe
33%
Bolivia
17%
Bulgaria
17%
Gabon
17%
Hungary
17%
Italy
17%
Sierra Leone
17%
No matching quizzes found
Score Distribution
Percent of People with Each Score
Percentile by Number Answered
Your Score History
You have not taken this quiz